Chemical Elements According To Their Name Origin - Map Quiz - Statistics

General Stats
  • This quiz has been taken 34 times
  • The average score is 14 of 27
Answers on the Map
Answers color-coded by a green-red scale on the quiz's map according to % correct below.
 
Answer Stats
Symbols Elements Locations % Correct
₉₈Cf Californium State California
89%
₈₇Fr | ₃₁Ga Francium | Gallium Country France (fr. France | lat. Gallien)
85%
₃₂Ge Germanium Country Germany (lat. Germania)
81%
₄₉In Indium Colour Indigo, from country India
81%
₁₁₅Mc Moscovium City Moscow
81%
₈₄Po Polonium Country Poland
78%
₄₇Ag Silver Country Argentina (Silver → lat. Argentum)
67%
₁₁₃Nh Nihonium Country Japan (jpn. Nihon)
59%
₁₁₇Ts Tennessine State Tennessee
59%
₇₀Yb | ₃₉Y | ₆₅Tb | ₆₈Er Ytterbium | Yttrium | Terbium | Erbium Quarry Ytterby
59%
₉₅Am Americium The Americas
56%
₆₃Eu Europium Continent Europe
56%
₂₁Sc Scandium Region Scandinavia (lat. Scandia)
56%
₉₇Bk Berkelium City Berkeley
48%
₂₉Cu Copper Country Cyprus (lat. Cuprum from grk. Kýprion)
44%
₇₁Lu Lutetium City Paris (rom. Lutetia)
44%
₁₁₆Lv Livermorium City Livermore
41%
₁₁₀Ds Darmstadtium City Darmstadt
37%
₇₂Hf Hafnium City Copenhagen (lat. Hafnia)
37%
₁₀₈Hs Hassium German State Hesse (lat. Hassia)
37%
₆₇Ho Holmium City Stockholm
37%
₁₀₅Db Dubnium City Dubna
33%
₇₅Re Rhenium River Rhine (lat. Rhenus)
33%
₄₄Ru Ruthenium Country Russia (lat. Ruthenia)
33%
₁₂Mg Magnesium Region Magnisia (GR), City Magnesia on the Maeander (TR)
22%
₃₈Sr Strontium Mineral Strontianit, after city Strontian
22%
₆₉Tm Thulium Mythical Scandinavian Island Thule
19%
No matching quizzes found
Score Distribution
Percent of People with Each Score
Percentile by Number Answered
Your Score History
You have not taken this quiz